<?xml version="1.0" encoding="UTF-8"?>
<marc:record xmlns:marc="http://www.loc.gov/MARC21/slim">
   <marc:leader>00000nam a2200000 a 4500</marc:leader>
   <marc:datafield ind1="0" ind2="0" tag="245">
      <marc:subfield code="a">Just 4 Fun</marc:subfield>
   </marc:datafield>
   <marc:datafield ind1="0" ind2="0" tag="245">
      <marc:subfield code="b">Kurz ist die Regel - lang ist der Spaß!</marc:subfield>
   </marc:datafield>
   <marc:datafield ind1=" " ind2="1" tag="264">
      <marc:subfield code="b">Kosmos Klee Spiele</marc:subfield>
   </marc:datafield>
   <marc:datafield ind1="1" ind2=" " tag="520">
      <marc:subfield code="a">Für 2 - 4 Spieler 
Für Erwachsene und Kinder ab 10 Jahren
Spieldauer ca. 20 - 30 Minuten

Alles ganz einfach! Der Spielplan zeigt Felder mit Zahlen.
Wenn Sie am Zug sind, spielen Sie Karten aus und bestimmen so das Feld, auf das Sie einen Ihrer Spielsteine setzen dürfen.
Sobald Sie in einer Reihe 4 benachbarte Felder besetzt haben, gehen Sie als Sieger ins Ziel.
Wenn da nicht die anderen Spieler wären!
Denn jedes Feld bietet auch Platz für die Spielsteine der Mitspieler.
Und schon müssen Sie weitere Steine auf die ersten stapeln, damit Sie die Mehrheit auf Ihren Feldern behalten.
</marc:subfield>
   </marc:datafield>
</marc:record>
